Statistics for GENERAL KNOWLEDGE - PHILIPPINES

Click here to take the quiz!

General Stats

  • This quiz has been taken 12,684 times
  • The average score is 7 of 20

Answer Stats

Hint Answer % Correct
Kauna-unahang bayani ng Pilipinas na nanguna sa pakikipaglaban kay MagellanLAPU-LAPU
97%
Tanyag na hayop na matatagpuan sa BoholTARSIER
94%
Bilang ng mga unibersidad na kalahok sa UAAP8
72%
Pinakamatagal na umeereng noon time variety showEAT BULAGA
40%
Imbestigador ng BayanMIKE ENRIQUEZ
39%
Tawag sa fiesta/pagdiriwang na ginagawa taon-taon sa CebuSINULOG
33%
Pilipinong miyembro ng sikat na bandang BLACK EYED PEASAPL DE AP
31%
Panatang Makabayan: ... Tutuparin ko ang tungkulin ng isang mamamayang makabayan naglilingkod __________ at nagdarasal ng buong katapatanNAG-AARAL
30%
Sikat na pambalitaang palabas ni Kabayan Noli De CastroMAGANDANG GABI BAYAN
30%
Bida sa aklat na Noli Me Tangere na siyang kasintahan ni Maria ClaraCRISOSTOMO IBARRA
28%
Edad ni Comedy King Dolphy nang siya ay pumanaw83
27%
Kilalang asawa ni Dr. Jose RizalJOSEPHINE BRACKEN
26%
Kabuuang pangalan ng EDSAEPIFANIO DELOS SANTOS AVENUE
26%
Lumikha ng himig ng pambansang awit ng Pilipinas - Lupang HinirangJULIAN FELIPE
25%
Ang masuwerteng walletSEIKO
20%
Lungsod na pinagmulan ni 3rd runner up Ms. Universe 2011 Shamcey SupsupGENERAL SANTOS
12%
Salitang tagalog ng "WALLET"KALUPI
10%
Isla sa pinakadulong timog ng PilipinasSALUAG
8%
Paboritong sugal ng pambansang bayaniLOTTO
7%
Pinakamaliit na isdang matatagpuan sa Ilog ng Malabon, RizalPANDAKA PYGMAEA
5%

Score Distribution

Percentile by Number Answered

Percent of People with Each Score

Your Score History

You have not taken this quiz